|
|
|
|
| LEADER |
00000nab a2200000 a 4500 |
| 001 |
vtls000791673 |
| 003 |
SK-MaSNL |
| 005 |
20260303072755.0 |
| 008 |
040806c2002 xo 0 slo |
| 015 |
|
|
|a SNBRB2002/04-13900
|
| 035 |
|
|
|a CLN000143328
|
| 040 |
|
|
|a SNKBUCL
|b slo
|c SNKBUCL
|e AACR2
|
| 041 |
0 |
|
|a slo
|
| 044 |
|
|
|a xo
|c SK
|
| 080 |
|
|
|a 796.966.093.1
|2 UDC-MRF-SK2
|
| 100 |
1 |
|
|a Šimčík, Ján
|4 aut
|9 900322
|
| 245 |
1 |
0 |
|a Tri fázy paradoxnej sezóny
|b HK 32 VA Liptovský Mikuláš - 7. miesto
|c Ján Šimčík
|
| 300 |
|
|
|b Fotogr.
|
| 610 |
2 |
7 |
|a HK 32 Liptovský Mikuláš
|2 snkbucl
|9 1073549
|
| 650 |
0 |
7 |
|a hokej ľadový
|x Boss extraliga
|x 7. miesto
|y sezóna 2001/2002
|2 snkbucl
|9 1073550
|
| 655 |
|
7 |
|a články z novín a časopisov
|2 snkbucl
|9 267496
|
| 773 |
0 |
|
|x 0139-7001
|t Šport
|g Roč. 56, č. 88 (16.4.2002)
|
| 773 |
0 |
|
|x 0139-7001
|t [Príl.] Šport extra
|g S. 27
|
| 850 |
|
|
|a Slovenská národná knižnica v Martine
|
| 852 |
|
|
|a SNK
|b KIS3GCP
|
| 999 |
|
|
|c 1764713
|d 1766643
|